| 000 -CABECERA |
| campo de control de longitud fija |
00898nam a22002417a 4500 |
| 005 - FECHA Y HORA DE LA ÚLTIMA TRANSACCIÓN |
| campo de control |
20251103165433.0 |
| 008 - DATOS DE LONGITUD FIJA--INFORMACIÓN GENERAL |
| campo de control de longitud fija |
210323s1943 pe |||fr|||| 001 0 spa d |
| 040 ## - FUENTE DE LA CATALOGACIÓN |
| Centro catalogador/agencia de origen |
CENDOC CAAAP |
| Lengua de catalogación |
spa |
| Centro/agencia transcriptor |
CAAAP |
| 041 ## - CÓDIGO DE LENGUA |
| Código de lengua del texto/banda sonora o título independiente |
spa |
| 050 ## - SIGNATURA TOPOGRÁFICA DE LA BIBLIOTECA DEL CONGRESO |
| Número de clasificación |
FP 229 |
| Número de documento/Ítem |
.M44Z3 |
| 100 1# - ENTRADA PRINCIPAL--NOMBRE DE PERSONA |
| 9 (RLIN) |
1860 |
| Nombre personal |
Mejía Baca, José |
| 245 13 - MENCIÓN DE TÍTULO |
| Título |
El hombre del Marañón : |
| Subtitulo |
vida de Manuel Antonio Mesones Muro / |
| Mención de responsabilidad, etc. |
José Mejía Baca; prólogo de Raúl Porras Barnechea |
| 250 ## - MENCIÓN DE EDICIÓN |
| Mención de edición |
1ra ed. |
| 260 ## - PUBLICACIÓN, DISTRIBUCIÓN, ETC. |
| Lugar de publicación, distribución, etc. |
Lima, Perú : |
| Fecha de publicación, distribución, etc. |
1988 |
| Nombre del editor, distribuidor, etc. |
Consejo Nacional de Investigaciones Cientificas y Técnicas (CONICET) |
| 300 ## - DESCRIPCIÓN FÍSICA |
| Extensión |
149 páginas ; |
| Dimensiones |
21 x 15 cm |
| 600 10 - PUNTO DE ACCESO ADICIONAL DE MATERIA--NOMBRE DE PERSONA |
| 9 (RLIN) |
1861 |
| Nombre de persona |
Mesones Muro, Manuel Antonio |
| 650 10 - PUNTO DE ACCESO ADICIONAL DE MATERIA--TÉRMINO DE MATERIA |
| 9 (RLIN) |
1037 |
| Término de materia o nombre geográfico como elemento de entrada |
Descubrimientos y viajes |
| 650 20 - PUNTO DE ACCESO ADICIONAL DE MATERIA--TÉRMINO DE MATERIA |
| 9 (RLIN) |
1862 |
| Término de materia o nombre geográfico como elemento de entrada |
Exploración de Recursos |
| 650 #0 - PUNTO DE ACCESO ADICIONAL DE MATERIA--TÉRMINO DE MATERIA |
| 9 (RLIN) |
1820 |
| Término de materia o nombre geográfico como elemento de entrada |
Cronistas |
| Subdivisión geográfica |
Perú |
| 651 10 - PUNTO DE ACCESO ADICIONAL DE MATERIA--NOMBRE GEOGRÁFICO |
| 9 (RLIN) |
1863 |
| Nombre geográfico |
Río Marañón |
| Subdivisión geográfica |
Perú |
| 700 1# - PUNTO DE ACCESO ADICIONAL--NOMBRE DE PERSONA |
| 9 (RLIN) |
1864 |
| Nombre de persona |
Porras Barnechea, Raúl |
| Término indicativo de función/relación |
prólogo |
| 942 ## - ELEMENTOS PERSONALIZADOS KOHA |
| Fuente del sistema de clasificación o colocación |
|
| Fecha de catalogación |
23 - 03 - 21 |
| Tipo de ítem Koha |
Libros |